000 00630nam a2200229Ia 4500
005 20260320201932.0
008 008 262003s9999 xx 000 0 eng d
037 _aEBOOK
040 _aCRL
040 _beng
040 _cCRL
041 _2eng
041 _aeng
084 _qCRL
100 _aNaga Avinash Kumar
_91136351
245 0 _aPostgreSQL 13 Cookbook: Over 120 recipes to build high-performance and fault-tolerant PostgreSQL database solutions
260 _bIEEE
856 _uhttps://ieeexplore.ieee.org/servlet/opac?bknumber=10163115
942 _cEBOOK
999 _c1724365
_d1724365